|
|
|
|
| LEADER |
01675nam a2200385 i 4500 |
| 001 |
EBC6350959 |
| 003 |
MiAaPQ |
| 005 |
20210211092231.0 |
| 006 |
m o d | |
| 007 |
cr cnu|||||||| |
| 008 |
210211s2021 nju o 000 0 eng d |
| 020 |
|
|
|z 9781119594277
|
| 020 |
|
|
|a 9781119594260 (e-book)
|
| 035 |
|
|
|a (MiAaPQ)EBC6350959
|
| 035 |
|
|
|a (Au-PeEL)EBL6350959
|
| 035 |
|
|
|a (OCoLC)1197564729
|
| 040 |
|
|
|a MiAaPQ
|b eng
|e rda
|e pn
|c MiAaPQ
|d MiAaPQ
|
| 050 |
|
4 |
|a HG179
|b .R388 2021
|
| 082 |
0 |
|
|a 332.024
|2 23
|
| 100 |
1 |
|
|a Rattiner, Jeffrey H.,
|d 1960-
|e author.
|
| 245 |
1 |
0 |
|a Rattiner's secrets of financial planning :
|b from running your practice to optimizing your client's experience /
|c Jeffrey H. Rattiner.
|
| 264 |
|
1 |
|a Hoboken, New Jersey :
|b John Wiley & Sons, Inc.,
|c [2021]
|
| 264 |
|
4 |
|c 2021
|
| 300 |
|
|
|a 1 online resource (389 pages)
|
| 336 |
|
|
|a text
|b txt
|2 rdacontent
|
| 337 |
|
|
|a computer
|b c
|2 rdamedia
|
| 338 |
|
|
|a online resource
|b cr
|2 rdacarrier
|
| 588 |
|
|
|a Description based on print version record.
|
| 590 |
|
|
|a Electronic reproduction. Ann Arbor, MI : ProQuest, 2018. Available via World Wide Web. Access may be limited to ProQuest affiliated libraries.
|
| 650 |
|
0 |
|a Investments
|x Planning.
|
| 650 |
|
0 |
|a Finance, Personal.
|
| 655 |
|
4 |
|a Electronic books.
|
| 776 |
0 |
8 |
|i Print version:
|a Rattiner, Jeffrey H.
|t Rattiner's secrets of financial planning : from running your practice to optimizing your client's experience.
|d Hoboken, New Jersey : John Wiley & Sons, Inc., c2021
|h 389 pages
|z 9781119594277
|
| 797 |
2 |
|
|a ProQuest (Firm)
|
| 856 |
4 |
0 |
|u https://ebookcentral.proquest.com/lib/matrademy/detail.action?docID=6350959
|z Click to View
|